000
00228nam a2200097Ia 4500
008
200302s9999 xx 000 0 und d
100
_a
Vivian Lei (Ed.)
245
_a
Graphic X Space
260
_b
Art Power, Schenzhen
300
_a
227
999
_c
4441
_d
4441